Statistics for Top 10 NBA Point Guards (2012-2013)

Click here to take the quiz!

General Stats

  • This quiz has been taken 433 times
  • The average score is 5 of 10

Answer Stats

RankPlayer% Correct
1Chris Paul
82%
4Russell Westbrook
69%
2Derrick Rose
63%
7Steve Nash
56%
3Rajon Rondo
52%
8Kyrie Irving
48%
5Deron Williams
42%
6Tony Parker
37%
10Kyle Lowry
21%
9Ty Lawson
11%

Score Distribution

Percentile by Number Answered

Percent of People with Each Score

Your Score History

You have not taken this quiz